|
|
|
|
| LEADER |
00000cam a2200000 4500 |
| 001 |
000076492 |
| 003 |
OCoLC |
| 005 |
20060917015922.0 |
| 008 |
031120s1971 mx 000-0 spa d |
| 020 |
|
|
|a 968451073X
|
| 040 |
|
|
|a SJP
|c SJP
|d OCL
|d OCLCQ
|d MXADN
|
| 050 |
|
4 |
|a QA184
|b L5.18
|
| 082 |
0 |
0 |
|a 512.897
|
| 090 |
|
|
|a QA184
|b L5.18
|
| 099 |
|
|
|a QA184
|a .L5 1971
|
| 100 |
1 |
|
|a Lipschutz, Seymour.
|
| 240 |
1 |
0 |
|a Linear algebra.
|l Español
|
| 245 |
1 |
0 |
|a Teoría y problemas de algebra lineal /
|c por Seymour Lipschutz ; traducción y adaptación Hugo Paredes Manchola y Luis Rafael Jiménez Becerra.
|
| 260 |
|
|
|a México :
|b Libros McGraw-Hill,
|c c1971.
|
| 300 |
|
|
|a 334 p. :
|b il. ;
|c 23 cm.
|
| 440 |
|
0 |
|a Serie de compendios Schaum.
|
| 500 |
|
|
|a Translation of Linear algebra.
|
| 650 |
|
0 |
|a Algebras, Linear
|v Outlines, syllabi, etc.
|
| 650 |
|
4 |
|a Álgebra lineal
|
| 740 |
0 |
|
|a Algebra lineal
|
| 700 |
1 |
|
|a Paredes Manchola, Hugo,
|e tr.
|
| 700 |
1 |
|
|a Jiménez Becerra, Luis Rafael,
|e tr.
|
| 905 |
|
|
|a LIBROS
|
| 902 |
|
|
|a Guadalupe Guevara y Navarro
|
| 949 |
|
|
|a Biblioteca UAM Iztapalapa
|b Colección General
|c QA184 L5.18
|